| 000 | 00534nam a2200169Ia 4500 | ||
|---|---|---|---|
| 003 | GCL | ||
| 008 | 140319s9999 xx 000 0 ara d | ||
| 040 |
_aGCL / _cGCL |
||
| 082 | 0 | 4 |
_aم _b340.31 _bح م |
| 100 | 1 | _aحسن الفكهانى | |
| 245 | 1 | 0 |
_aموسوعة القضاء والفقة للدول العربية / _cحسن الفكهانى |
| 260 |
_a[S.N] : _bالدار العربية للموسوعات ، _c1985 |
||
| 650 | 0 | 4 | _aالقانون |
| 650 | 0 | 4 | _aموسوعات |
| 650 | 0 | 4 | _aالمراجع |
| 942 |
_2ddc _cREF |
||
| 999 |
_c59258 _d59258 |
||